00318pab a2200109 454500008003600000100001600036245004600052362002900098650003300127650002800160773002000188180718b xxu||||| |||| 00| 0 eng d aTaori Kamal aEconomic issue in panchayat raj programme a40(4) Jan 1994, p.219-29 a Village Panchayats -- India aPanchayati Raj -- India aKhadi Gramodyog